000 00707nam a22002537a 4500
001 36356
003 UA-OsUOA
005 20200729170919.0
007 ta
008 20060123b un ||||| |||| 00| 0 ukr d
020 _a9663642068
040 _aUA-OsUOA
_bukr
_cUA-OsUOA
_dUA-OsUOA
041 _aukr
080 _a2(075.8)
090 _a2(075.8)
_bБ82
100 _aБорисова З. О.
245 _aОснови релігієзнавства
_bнавч.-метод. посіб.
260 _aК.
_c2006
_bЦНЛ
300 _a288 с.
650 7 _a2 Релігія. Теологія.
_2UDC
942 _cBK
_2udc
955 _a2
999 _c322590
_d322590